000 00430nab a2200145Ia 4500
003 ES-SlBCS
005 20210601130756.0
008 140529s1983 xxu||||| |||| 00| 0 fre d
041 _afre
100 1 _aMendes, Cândido
_9154592
245 0 0 _aMarginalité sociale et utopie
_c Cândido Mendes
650 0 4 _aUtopía-Marginación
_9177130
773 0 _tPresença Filosofica
_gvol. 9, nº. 3-4, 1983, págs. 76
_wRev966
942 _cAR
999 _c552192
_d552192